| 000 | 02030nam a2200433 c 4500 | ||
|---|---|---|---|
| 003 | BLK | ||
| 005 | 20181008090317.0 | ||
| 008 | 180410b bul|||||r ||||||| ||bul|| | ||
| 010 | _aKNG00173533000 | ||
| 020 |
_a978-954-09-09-0883-0 _bиздат.: Захарий Стоянов - (подв.) |
||
| 040 | _aBLK | ||
| 041 |
_aBUL _cBUL |
||
| 072 | 7 |
_2bullib _aН32 _xПолитика Н |
|
| 080 |
_aВътрешна политика. Вж и 329 _b323 _x(497.2)(092)(093.3) _z323(497.2)(092)(093.3) |
||
| 080 |
_aКомунистически партии. Вж и 327.323 _b329.15 _x(497.2)БКП(092)(093.3) _z329.15(497.2)БКП(092)(093.3) |
||
| 080 |
_aБългарски художник-живописец (1960- _b929 Йорданов, Георги _x _z929 Йорданов, Георги |
||
| 139 |
_aЖивот на длан _bИ 83 |
||
| 245 | 1 | 0 |
_aЖивот на длан _bДуми за Георги Йорданов : Сб. |
| 250 | _a2. доп. изд. | ||
| 257 | _aBGR | ||
| 260 |
_аСофия _bЗахарий Стоянов _c2014 _fСофия : Лито Балкан |
||
| 300 |
_a599 с., 40 л. _bсн. _c25 см |
||
| 380 | _a3 | ||
| 500 | _a1. изд. 2009 на изд. Захарий Стоянов и Унив. изд. Св. Кл. Охридски. - Пълното име на Г. Йорданов е Георги Йорданов Момчев. - Съдържа и Биографична справка. | ||
| 600 | 1 | 4 |
_aЙорданов, Георги _9369522 |
| 650 | 4 |
_aЙорданов, Георги _9369522 |
|
| 650 | 4 |
_aПолитици, български - спомени _9247072 |
|
| 650 | 4 |
_aБКП - дейци - спомени _9241772 |
|
| 653 | _aГеорги Йорданов | ||
| 653 | _aбългарски политици | ||
| 653 | _aБКП | ||
| 653 | _aспомени | ||
| 659 | _aН | ||
| 852 | _aЦб 273484 | ||
| 856 | 4 |
_qpdf _u |
|
| 856 | 4 |
_qpdf _u |
|
| 942 |
_cKNG _n0 _01 |
||
| 944 |
_aCR _c27.03.2015 _lф / _kВиолета_Тройчева |
||
| 944 |
_aED _c25.09.2015 _lф / _kПенка_Димитрова |
||
| 999 |
_c165886 _d165886 |
||